LEADER 04074nam 2200469 450 001 9910676687903321 005 20230518040709.0 035 $a(CKB)5670000000618198 035 $a(NjHacI)995670000000618198 035 $a(EXLCZ)995670000000618198 100 $a20230518d2023 uy 0 101 0 $aeng 135 $aur||||||||||| 181 $ctxt$2rdacontent 182 $cc$2rdamedia 183 $acr$2rdacarrier 200 03$aAn epidemic among my people $ereligion, politics, and COVID-19 in the United States /$fedited by Paul A. Djupe and Amanda Friesen ; with a foreword by Robert P. Jones 210 1$aPhiladelphia :$cTemple University Press,$d2023. 215 $a1 online resource (xiv, 306 pages) $cillustrations, map 225 1 $aReligious engagement in democratic politics 311 $a1-4399-2340-X 320 $aIncludes bibliographical references and index. 327 $aIntroduction / Paul A. Djupe and Amanda Friesen -- Satan and a virus won't stop us : the prosperity gospel of Coronavirus response / Paul A. Djupe and Ryan P. Burge -- Are religious adherents more likely to buy into COVID-19 conspiracy theories? / Diana Orce?s, Ian Huff, and Natalie Jackson -- Religion and gun purchasing amid a pandemic, civil unrest, and an election / Abigail Vegter and Donald Haider-Markel -- Christian nationalism and the COVID-19 Pandemic / Andrew L. Whitehead, Samuel L. Perry, and Joshua B. Grubbs -- Syndemics during a pandemic : racial inequity, poverty, and COVID-19 / Dilara K. U?sku?p and Ryon J. Cobb -- Is the effect of religion "raced" on pandemic attitudes and behaviors? / Angel Saavedra Cisneros, Natasha Altema McNeely, and Paul A. Djupe -- Precedent, performance, and polarization : the Christian legal movement and religious freedom politics during the coronavirus pandemic / Andrew R. Lewis and Daniel Bennett -- A tale of two burdens : COVID-19 and the question of religious free exercise / Jenna Reinbold -- High Stakes : Christian right politics in 2020 / Angelia R. Wilson -- Faith, source credibility and trust in pandemic information / Jianing Li, Amanda Friesen, and Michael W. Wagner -- Women as religious leaders : the gendered politics of shutting down / Cammie Jo Bolin and Kelly Rolfes-Haase -- Racialized responses to COVID-19 / Shayla F. Olson -- In God 'Z' trusts? Generation Z's attitudes about religion and COVID-19 / Melissa Deckman and Stella M. Rouse -- Who's allowed in your lifeboat? How religious identity altered life-saving priorities in response to COVID-19 / Matthew R. Miles and Justin A. Tucker -- How the early stages of the COVID-19 pandemic affected religious practices in the United States / Kraig Beyerlein and Jason Klocek -- Patterns of in-person worship service attendance during the COVID-19 Pandemic : the importance of political and religious context / Benjamin R. Knoll -- Conclusion / Amanda J. Friesen and Paul A. Djupe. 330 $a"A social science examination of the role of religion in American society in the context of the COVID-19 pandemic, including its effects on attitudes and behaviors related to the state, experts, health policy, the First Amendment, cooperation, race, gender, generational differences, institutions, and legal issues"--$cProvided by publisher. 410 0$aReligious engagement in democratic politics. 606 $aChristians$zUnited States$xAttitudes 606 $aCOVID-19 Pandemic, 2020-$xPolitical aspects$zUnited States 606 $aCOVID-19 Pandemic, 2020-$xReligious aspects$xChristianity 607 $aUnited States$xReligion$y21st century 615 0$aChristians$xAttitudes. 615 0$aCOVID-19 Pandemic, 2020-$xPolitical aspects 615 0$aCOVID-19 Pandemic, 2020-$xReligious aspects$xChristianity. 676 $a362.19624144 702 $aDjupe$b Paul A. 702 $aFriesen$b Amanda$f1978- 702 $aJones$b Robert P$g(Robert Patrick), 801 0$bNjHacI 801 1$bNjHacl 906 $aBOOK 912 $a9910676687903321 996 $aAn epidemic among my people$93364102 997 $aUNINA